Incollable #12 - Découverte du monde - Statistiques

Statistiques générales
  • Ce quiz a été pris 784 fois
  • Le résultat moyen est 6 sur 11
Statistiques - réponses
Niveaux Questions Réponses % Correct
CE2 Mon premier est le cri de la vache.Mon second est le contraire de court. Mon tout est un gros fruit. Le melon
97%
CM2 À quel pays appartient l’île de la Réunion, dans l’Océan Indien ? À la France
94%
CE1 Quelle science étudie le temps qu’il fait ? La météorologie
93%
CM1 Quelle chaîne de montagne séparé l’Italie de la Suisse ? Les Alpes
93%
CM1 Comment appelle-t-on la France sans l’Outre-Mer ? La France Métropolitaine
79%
CE1 On peut fabriquer du sucre à l’aide de canne à sucre, mais aussi à l’aide de... Betteraves
57%
CM2 Quelle vaste forêt s’étend dans le Sud-Ouest de la France ? La forêt des Landes
42%
Collège Qu’est ce qu’une carambole ? Un fruit exotique
42%
CP Comment appelle-t-on la toute petite tige qui sort d’une graine ? Le germe
31%
Lycée De quel archipel Mahé est-elle la plus grande île ? Les Seychelles
13%
Lycée Quel courant marin froid longe la côte est de l’Amérique du Nord ? Le courant du Labrador
5%
Aucun quiz correspondant
Distribution des résultats
% des personnes avec chaque résultat
Percentile par nombre de réponses
Votre historique - résultats
Vous n’avez pas pris ce quiz